Rozpoznaj polskiego rapera po albumach - Statystyki

Ogólne statystyki
  • Ten quiz został rozwiązany 314 razy
  • Średni wynik to 21 z 30
Statystyki odpowiedzi
Albumy Odpowiedź % Poprawnych
100 dni do matury, <33 Mata
99%
Kwiat Polskiej Młodzieży, Rewolucja Romantyczna Bedoes
96%
47playground, PRODUKT47 Oki
95%
Rockstar, Pretty Boy White 2115
94%
Eklektyka, ROMANTICPSYCHO Quebonafide
92%
Trójkąt Warszawski, Marmur Taco Hemingway
92%
Passion Fruits, To ziomal Żabson
88%
BOA, W samo południe Reto
87%
Nowy Kolor, Miłość, 2011 Otsochodzi
86%
Adwokat Diabła, Import/Export Malik Montana
85%
młody say10, Deathcore Chivas
84%
Dzieci Duchy, BORuto Szpaku
83%
#nowanormalność, POLON, H8M5 Białas
82%
evil_things, PLEŚŃ Guzior
82%
Klubowe, FIT Tymek
82%
Nowa Fala, TOXIC Young Multi
82%
Ogrody Mixtape 3, Kukonozaur Mixtape Mood Kukon
81%
Trappist, Skan Myśli, Konfetti Young Igi
73%
Jeszcze pięć minut, Ostatni Taniec Kizo
72%
???, WIRTUOZ, Hundred Bands Zeamsone
67%
Iluzja, SAFE, Hample Gibbs
60%
Megalomania, Zabójstwo Liryczne 2 Sentino
60%
Nowy Pop, Hoodie, Free Agent Beteo
58%
Polska Gotówkowa, Narkopop Kaz Bałagane
53%
audiotele, FUTURA Schafter
46%
Resoraki, Dzieci w samochodach Qry
45%
Flamingo, MODA PlanBe
37%
S.I.M.P, H4J4, KŁAMCZUCH Floral Bugs
34%
So Fresh!, All Inclusive Trill Pem
24%
Czarny Swing, Acid Moro Miły ATZ
14%
Nie znaleziono quizów pasujących do podanych kryteriów
Rozkład punktacji
Procent ludzi z każdym wynikiem
Percentyl według liczby udzielonych odpowiedzi
Twoja historia wyników
Nie rozwiązałeś tego quizu